Социолингвистическая коммуникация как элемент социальных отношений; Известия Томского политехнического университета [Известия ТПУ]; Т. 311, № 7 : Философия, социология и культурология

Detalhes bibliográficos
Parent link:Известия Томского политехнического университета [Известия ТПУ]/ Томский политехнический университет (ТПУ).— , 2000-
Т. 311, № 7 : Философия, социология и культурология.— 2007.— [С. 61-67]
Outros Autores: Квеско Р. Б. Раиса Брониславовна, Ванина И. Л., Квеско С. Б., Чубик А. П. Анна Петровна, Бухтояров С. В., Емельянова Н. Е. Надежда Евгеньевна
Resumo:Заглавие с титульного листа
Электронная версия печатной публикации
Рассматривается проблема социолингвистики как науки и социокультурного феномена. На основании анализа концепций выявляются особенности роли языка в развитии общества как социального кода между структурными элементами социума, специфики общения социальных слоев и групп как средства воспитания и обучения личности. Сделан вывод о роли интертекстуальной природы и социальной конструкции всех смыслов, а также интерактивного взаимодействия языка и социальной среды в формировании социальной корпоративной среды общества, в управлении социальными процессами.
Idioma:russo
Publicado em: 2007
Colecção:Философия, социология и культурология
Assuntos:
Acesso em linha:http://www.lib.tpu.ru/fulltext/v/Bulletin_TPU/2007/v311/i7/13.pdf
Formato: MixedMaterials Recurso Electrónico Capítulo de Livro
KOHA link:https://koha.lib.tpu.ru/cgi-bin/koha/opac-detail.pl?biblionumber=172831

MARC

LEADER 00000nla2a2200000 4500
001 172831
005 20231031164357.0
035 |a (RuTPU)RU\TPU\book\187435 
035 |a RU\TPU\book\187422 
090 |a 172831 
100 |a 20091216d2007 k y0rusy50 ca 
101 0 |a rus 
102 |a RU 
135 |a drnn ---uucaa 
181 0 |a i  
182 0 |a b 
200 1 |a Социолингвистическая коммуникация как элемент социальных отношений  |b Электронный ресурс  |f Р. Б. Квеско [и др.] 
203 |a Текст  |c электронный 
215 |a 1 файл (141 Кб) 
225 1 |a Философия, социология и культурология 
230 |a Электронные текстовые данные (1 файл : 141 Кб) 
300 |a Заглавие с титульного листа 
300 |a Электронная версия печатной публикации 
320 |a [Библиогр.: с. 66-67 (24 назв.)] 
330 |a Рассматривается проблема социолингвистики как науки и социокультурного феномена. На основании анализа концепций выявляются особенности роли языка в развитии общества как социального кода между структурными элементами социума, специфики общения социальных слоев и групп как средства воспитания и обучения личности. Сделан вывод о роли интертекстуальной природы и социальной конструкции всех смыслов, а также интерактивного взаимодействия языка и социальной среды в формировании социальной корпоративной среды общества, в управлении социальными процессами. 
337 |a Adobe Reader 
461 1 |0 (RuTPU)RU\TPU\book\176237  |t Известия Томского политехнического университета [Известия ТПУ]  |f Томский политехнический университет (ТПУ)  |d 2000- 
463 1 |0 (RuTPU)RU\TPU\book\187385  |t Т. 311, № 7 : Философия, социология и культурология  |v [С. 61-67]  |d 2007  |p 178 с. 
610 1 |a социолингвистическая коммуникация 
610 1 |a общественные отношения 
610 1 |a социолингвистика 
610 1 |a наука 
610 1 |a социокультурный феномен 
610 1 |a концепции 
610 1 |a язык 
610 1 |a общество 
610 1 |a структурные элементы 
610 1 |a социум 
610 1 |a социальные слои 
610 1 |a личность 
610 1 |a интертекстуальная природа 
610 1 |a социальные конструкции 
610 1 |a смыслы 
610 1 |a социальная среда 
610 1 |a социальные процессы 
610 1 |a труды учёных ТПУ 
610 1 |a электронный ресурс 
701 1 |a Квеско  |b Р. Б.  |c доцент каф. философии (ФИЛ) ГФ, ТПУ  |c доктор философских наук  |f 1943-  |g Раиса Брониславовна  |2 stltpush  |3 (RuTPU)RU\TPU\pers\25429 
701 1 |a Ванина  |b И. Л. 
701 1 |a Квеско  |b С. Б. 
701 1 |a Чубик  |b А. П.  |c специалист в области социальной философии  |c доцент Томского политехнического университета  |f 1980-  |g Анна Петровна  |2 stltpush  |3 (RuTPU)RU\TPU\pers\25448 
701 1 |a Бухтояров  |b С. В. 
701 1 |a Емельянова  |b Н. Е.  |c аспирант каф. философии (ФИЛ) ГФ, ТПУ  |f 1983-  |g Надежда Евгеньевна  |2 stltpush  |3 (RuTPU)RU\TPU\pers\25423 
801 1 |a RU  |b 63413507  |c 20090623  |g PSBO 
801 2 |a RU  |b 63413507  |c 20211118  |g PSBO 
856 4 |u http://www.lib.tpu.ru/fulltext/v/Bulletin_TPU/2007/v311/i7/13.pdf 
942 |c CF